| 000 | 01095nam a2200289Ia 4500 | ||
|---|---|---|---|
| 003 | OSt | ||
| 005 | 20221005103944.0 | ||
| 006 | a|||||r|||| 00| 0 | ||
| 007 | ta | ||
| 008 | 221004b |||||||| |||| 00| 0 hin d | ||
| 020 |
_a8179170152 _c350 |
||
| 024 | _a83007 | ||
| 037 |
_b9, 30/03/2005, Manak Publication _cTextual |
||
| 040 |
_aCRL _cCRL _bhin |
||
| 041 |
_2hin _ahin |
||
| 082 | _aW81v2, 152P2 | ||
| 100 | _aप्रधान, अवधेश, संपा. | ||
| 245 | 0 | _aक्रांति और संयुक्त मोर्चा | |
| 246 | _aKrāanti aur sanyukta morchā | ||
| 260 |
_aदिल्ली _bग्रंथ शिल्पी प्रा0 लि0 भारत _c2002 |
||
| 300 |
_a249पृ0 _ccm. |
||
| 650 | _a भारतीय राजनीति | ||
| 650 | _a भारतीय राजनीति | ||
| 650 | _aराजनीति विज्ञान | ||
| 942 |
_hW81v2, 152P2 _cTEXL _2cc |
||
| 999 |
_c1011377 _d1011377 |
||